Tourism management

Uloženo v:
Podrobná bibliografie
Hlavní autor: Weaver, David
Médium: Kniha
Jazyk:Undetermined
Vydáno: Milton, Qld John Wiley & Sons 2006
Témata:
Tagy: Přidat tag
Žádné tagy, Buďte první, kdo otaguje tento záznam!
Thư viện lưu trữ: Trung tâm Học liệu Trường Đại học Cần Thơ
LEADER 00573nam a2200217Ia 4500
001 CTU_100295
008 210402s9999 xx 000 0 und d
020 |c 991000 
082 |a 338.47 
082 |b W363 
100 |a Weaver, David 
245 0 |a Tourism management 
245 0 |c David Weaver, Laura Lawton 
260 |a Milton, Qld 
260 |b John Wiley & Sons 
260 |c 2006 
650 |a Tourism,Tourism 
650 |x Management,Marketing 
650 |z Australia,Australia 
904 |i Hiếu 
980 |a Trung tâm Học liệu Trường Đại học Cần Thơ